Formularios prácticos de Administración Municipal / (Record no. 100831)

MARC details
000 -LEADER
campo de control de longitud fija 00658nam a2200169 i 4500
001 - NÚMERO DE CONTROL
campo de control 100831
003 - IDENTIFICADOR DE NÚMERO DE CONTROL
campo de control ES-MaACL
007 - CAMPO FIJO DE DESCRIPCIÓN FÍSICA--INFORMACIÓN GENERAL
campo de control de longitud fija t|
008 - DATOS DE LONGITUD FIJA--INFORMACIÓN GENERAL
campo de control de longitud fija 051006s1953 sp ||||1| spa d
100 1# - ENTRADA PRINCIPAL--NOMBRE DE PERSONA
Nombre de persona Mateu Sánchez, Manuel.
9 (RLIN) 79006
245 10 - MENCIÓN DEL TÍTULO
Título Formularios prácticos de Administración Municipal /
Mención de responsabilidad, etc. Manuel Mateu Sánchez; prólogo de Don José Mª Terrades Rodríguez; apostillas finales por Don Vicente Alvarez Santolino.
260 ## - PUBLICACIÓN, DISTRIBUCIÓN, ETC.
Lugar de publicación, distribución, etc. Valencia :
Nombre del editor, distribuidor, etc. [s.n.],
Fecha de publicación, distribución, etc. 1953 (
Fabricante Tip. P. Quiles)
300 ## - DESCRIPCIÓN FÍSICA
Extensión 485 p. ;
Dimensiones 24 cm.
700 1# - ENTRADA AGREGADA--NOMBRE PERSONAL
Nombre de persona Terrades Rodríguez, José María.
9 (RLIN) 109772
700 1# - ENTRADA AGREGADA--NOMBRE PERSONAL
Nombre de persona Alvarez Santolino, Vicente.
9 (RLIN) 20964
852 ## - LOCALIZACIÓN
Ubicación ES-MaACL
Número de control de estantería C-6382
Sublocalización o colección R.35701
Holdings
Estatus retirado Estado de pérdida Estado de daño No para préstamo Biblioteca de origen Biblioteca actual Ubicación en estantería Fecha de adquisición Fuente de adquisición Total de préstamos Signatura topográfica completa Código de barras Visto por última vez Precio de reemplazo Tipo de ítem Koha
        Biblioteca del Ateneo de Madrid Biblioteca del Ateneo de Madrid Sala Palomar 17/01/2008     C-6382 1105274 23/02/2023 23/02/2023 Libro impreso